Statistics for Stargate:SG-1 Quiz

Click here to take the quiz!

General Stats

  • This quiz has been taken 620 times
    (463 since last reset)
  • The average score is 20 of 32

Answer Stats

HintAnswer% Correct
Archaeologist and linguistDaniel Jackson
97%
Original team leaderJack O'Neill
97%
Genius scientist member of the teamSamantha Carter
96%
Former First PrimeTeal'c
91%
Original base CommanderGeneral Hammond
90%
Supreme Commander of the Asgard FleetThor
83%
Builders of the StargatesAncients
77%
Race based on the Norse godsAsgard
74%
They resemble mechanical spidersReplicators
70%
Race of Selmak and JolinarTokra
70%
Race of warriors, they served false godsJaffa
69%
Wise master warriorMaster Bra'tac
68%
What does the acronym "SGC" stand for?Stargate Command
67%
Former con artist and feisty alien team memberVala Mal Doran
66%
Big fans of glowing eyesGoa'uld
63%
He was so bad, the system lords banished himAnubis
62%
Protects Earth's gate from attackIris
62%
Original arch nemesis of the teamApophis
60%
Hallowed are the ____Ori
59%
Device used to activate StargatesDHD
57%
Ace pilot who took command of SG-1Cameron Mitchell
56%
3 shots from this weapon will disintegrate youZat-gun
48%
Hails form Langara and loves the weather channelJonas Quinn
47%
The process of reaching a higher state of existenceAscension
45%
Name of Earth's first X-303 SpacecraftPrometheus
42%
Most recent base commanderGeneral Landry
41%
Queen of the godsHathor
40%
As in Bocce?Baal
34%
Original head of the base medical teamsDr Frasier
34%
Powerful healing device, resembles a casketSarcophagus
33%
Home planet of SkaaraAbydos
32%
Who me? No ___Yu
24%

Score Distribution

Percentile by Number Answered

Percent of People with Each Score

Your Score History

You have not taken this quiz since the last reset